000 00591nam a2200241Ia 4500
003 OSt
005 20220924133224.0
006 a|||||r|||| 00| 0
007 ta
008 220923b |||||||| |||| 00| 0 tam d
024 _a260841
037 _cTextual
040 _aARTS
_cARTS
_btam
041 _2tam
_atam
082 _aO31,1B4, L3
100 _aPathitripathu
_9205920
245 0 _aMukamum uraium
260 _c1973
650 _a TAMIL POETRY
650 _aTAMIL LITERATURE
942 _hO31,1B4, L3
_cTEXL
_2CC
999 _c433048
_d433048